|
|
|
|
| LEADER |
02067nam a2200565 a 4500 |
| 001 |
nkc20142594101 |
| 003 |
CZ PrNK |
| 005 |
20140627135836.0 |
| 007 |
ta |
| 008 |
140605s2013 xr h e p 000 0 eng |
| 015 |
|
|
|a cnb002594101
|
| 020 |
|
|
|a 978-80-244-3943-3
|q (brož.) :
|c neprodejné
|
| 035 |
|
|
|a (OCoLC)883373693
|
| 040 |
|
|
|a BOA001
|b cze
|d ABA001
|d OLA001
|
| 072 |
|
7 |
|a 811.111
|x Angličtina
|2 Konspekt
|9 11
|
| 072 |
|
7 |
|a 37.016
|x Učební osnovy. Vyučovací předměty. Učebnice
|2 Konspekt
|9 22
|
| 080 |
|
|
|a 811.111
|2 MRF
|
| 080 |
|
|
|a 93/94
|2 MRF
|
| 080 |
|
|
|a 81'42'373.46
|2 MRF
|
| 080 |
|
|
|a (075.8)
|2 MRF
|
| 080 |
|
|
|a (075)028
|2 MRF
|
| 245 |
0 |
0 |
|a Academic English for humanities.
|p History /
|c edited by Jaroslav Miller ; general editor Manuela E. Gheorghe
|
| 246 |
3 |
|
|a Academic English for humanities - history
|
| 246 |
3 |
0 |
|a History
|
| 250 |
|
|
|a 1st ed.
|
| 260 |
|
|
|a Olomouc :
|b Palacký University Olomouc,
|c 2013
|
| 300 |
|
|
|a 133 s. :
|b faksim. ;
|c 21 cm
|
| 490 |
1 |
|
|a Anthology
|
| 500 |
|
|
|a Nad názvem: Palacký University Olomouc, Faculty of Arts
|
| 504 |
|
|
|a Obsahuje bibliografické odkazy
|
| 650 |
0 |
7 |
|a angličtina
|7 ph114056
|2 czenas
|
| 650 |
0 |
7 |
|a dějiny
|7 ph114390
|2 czenas
|
| 650 |
0 |
7 |
|a odborné texty
|7 ph123679
|2 czenas
|
| 650 |
0 |
9 |
|a English language
|2 eczenas
|
| 650 |
0 |
9 |
|a history
|2 eczenas
|
| 650 |
0 |
9 |
|a professional texts
|2 eczenas
|
| 655 |
|
7 |
|a učebnice vysokých škol
|7 fd133772
|2 czenas
|
| 655 |
|
7 |
|a čítanky
|7 fd133984
|2 czenas
|
| 655 |
|
9 |
|a textbooks (higher)
|2 eczenas
|
| 655 |
|
9 |
|a readers
|2 eczenas
|
| 700 |
1 |
|
|a Miller, Jaroslav,
|d 1971-
|7 jo20000076499
|4 edt
|
| 700 |
1 |
|
|a Gheorghe, Manuela Eugenia,
|d 1962-
|7 xx0037191
|4 edt
|
| 710 |
2 |
|
|a Univerzita Palackého.
|b Filozofická fakulta
|7 kn20010709373
|
| 810 |
2 |
|
|a Univerzita Palackého.
|t Anthology
|0 s
|
| 910 |
2 |
|
|a BOA001
|b 2-1328.318
|
| 928 |
9 |
|
|a Univerzita Palackého v Olomouci
|
| 990 |
|
|
|a BK
|
| 995 |
|
|
|a 01
|
| 991 |
|
|
|b 201406
|c NOV
|e n
|
| 996 |
6 |
|
|b 2610593502
|c 2-1328.318
|l MZK
|r Sklad / do 1 hodiny
|n 1
|p p.v.
|w 001427704
|u 000010
|a 1
|e BOA001
|j MZK50
|s P
|